| 000 | 00517nam a22001697a 4500 | ||
|---|---|---|---|
| 999 |
_c7862 _d7862 |
||
| 005 | 20240215171820.0 | ||
| 008 | 240215b ||||| |||| 00| 0 eng d | ||
| 020 | _a9788419245700 | ||
| 040 | _aCDMR | ||
| 100 |
_94932 _aLlimós, Albert |
||
| 245 |
_aIntocables _b: quan el poder es transforma en abús _c/ Albert Llimós Bifet |
||
| 260 |
_aBarcelona _b: La Campana _c, 2024 |
||
| 300 | _a195 pàgines | ||
| 650 | 0 |
_94933 _aDelictes sexuals _zCatalunya |
|
| 650 | 0 |
_94934 _aAutoritarisme _zCatalunya |
|
| 942 |
_2udc _cMON |
||